Statistics for Biggest "B" City by State

Click here to take the quiz!

General Stats

  • This quiz has been taken 120 times
  • The average score is 15 of 49

Answer Stats

State City % Correct
AlabamaBirmingham
92%
MassachusettsBoston
92%
LouisianaBaton Rouge
89%
IdahoBoise
89%
MarylandBaltimore
84%
ColoradoBoulder
71%
New YorkBuffalo
71%
MontanaBillings
66%
CaliforniaBakersfield
58%
North DakotaBismarck
53%
North CarolinaBurlington
47%
NebraskaBellevue
47%
MaineBangor
47%
ConnecticutBridgeport
47%
IllinoisBloomington
39%
TexasBrownsville
32%
MississippiBiloxi
29%
FloridaBoca Raton
26%
OregonBeaverton
26%
Rhode IslandBristol
21%
MichiganBattle Creek
16%
KentuckyBowling Green
13%
PennsylvaniaBethlehem
13%
OklahomaBroken Arrow
11%
DelawareBear
8%
ArkansasBentonville
8%
GeorgiaBrunswick
5%
South DakotaBrookings
5%
New HampshireBedford
5%
New JerseyBrick
5%
UtahBountiful
3%
West VirginiaBeckley
3%
MissouriBlue Springs
3%
AlaskaBadger
3%
IowaBettendorf
3%
ArizonaBuckeye
3%
OhioBeavercreek
0%
New MexicoBernalillo
0%
NevadaBoulder City
0%
South CarolinaBluffton
0%
TennesseeBartlett
0%
KansasBonner Springs
0%
WisconsinBrookfield
0%

Score Distribution

Percentile by Number Answered

Percent of People with Each Score

Your Score History

You have not taken this quiz